=LDR 00000nam 2200000 4500 =001 INLIS000000000049918 =005 20201202023438 =035 ##$$a 0010-041700000000108 =008 201202###########################0###### =020 ##$$a 978 - 979 - 3832 - 53 - 1 =040 ##$$a NBPDMAT =082 ##$$a 745.559 865 33 =090 ##$$a 745.553 865 633 =100 ##$$a Alan Malingi =245 1#$$a Mengenal kerajinanan tradisional Bima Dompu /$c Alan Malingi =260 ##$$a Mataram :$b Mahani Persada,$c 2010 =300 ##$$a iv, 44 hlm. : $b ilus. ; $c 21 cm. =500 ##$$a Bibliografi : hlm 43 - 44 =650 #4$$a Kerajinan Rakyat - Bima =084 ##$$a 745.559 865 33 Ala m.5 =990 ##$$a 21604700 =990 ##$$a 21604701 =990 ##$$a 21604702 =990 ##$$a 21604703 =990 ##$$a 041/46/2017 =990 ##$$a 041/46/2017 =990 ##$$a 21604700 =990 ##$$a 21604701 =990 ##$$a 21604702 =990 ##$$a 21604703 =990 ##$$a 041/46/2017 =990 ##$$a 21604700 =990 ##$$a 21604701 =990 ##$$a 21604702 =990 ##$$a 041/46/2017 =990 ##$$a 041/46/2017 =990 ##$$a 21604700 =990 ##$$a 21604701 =990 ##$$a 041/46/2017 =990 ##$$a 041/46/2017 =990 ##$$a 041/46/2017 =990 ##$$a 21604700 =990 ##$$a 21604701 =990 ##$$a 041/46/2017 =990 ##$$a 041/46/2017 =990 ##$$a 041/46/2017 =990 ##$$a 21604700 =990 ##$$a 041/46/2017 =990 ##$$a 041/46/2017 =990 ##$$a 041/46/2017 =990 ##$$a 041/46/2017 =990 ##$$a 041/46/2017 =990 ##$$a 041/46/2017 =990 ##$$a 041/46/2017 =990 ##$$a 041/46/2017